Statistics for French Words

Click here to take the quiz!

General Stats

  • This quiz has been taken 52 times
  • The average score is 12 of 15

Answer Stats

HintAnswer% Correct
tu, vousyou
100%
fromagecheese
98%
maisonhouse
96%
painbread
94%
chatcat
94%
chiendog
94%
elleshe
94%
cou cou, salut, bonjourhi or hello
89%
des légumesvegetables
85%
fraisestrawberry
79%
la fenêtrewindow
77%
la télétv
72%
drôlefunny
57%
ilhim
49%
gentil(le)kind
49%

Score Distribution

Percentile by Number Answered

Percent of People with Each Score

Your Score History

You have not taken this quiz